Sports Quiz

Random Sports or WWE Quiz
Score 0/293 Timer 10:00
0 Plays Today
Show Wrestler % Correct
WWE Clash of ChampionsKofi Kingston
96%
WWE Clash of ChampionsBig E
95.9%
WWE Clash of ChampionsAJ Styles
95.9%
WWE Clash of ChampionsJey Uso
95.7%
WWE Clash of ChampionsJimmy Uso
95.7%
ROH Final BattleMatt Jackson
95.1%
ROH Final BattleNick Jackson
95.1%
WWE Clash of ChampionsJinder Mahal
94.9%
WWE Money in the BankJimmy Uso
94.9%
WWE Money in the BankJey Uso
94.9%
WWE BattlegroundJey Uso
94.9%
WWE BattlegroundJimmy Uso
94.9%
WWE SummerSlamJey Uso
94.9%
WWE SummerSlamJimmy Uso
94.9%
WWE Hell in a CellJey Uso
94.9%
WWE Hell in a CellJimmy Uso
94.9%
WWE Money in the BankKofi Kingston
94.8%
WWE Money in the BankBig E
94.8%
WWE BattlegroundKofi Kingston
94.8%
WWE SummerSlamBig E
94.8%
WWE SummerSlamKofi Kingston
94.8%
WWE Hell in a CellBig E
94.8%
WWE BattlegroundAJ Styles
94.7%
WWE SummerSlamAJ Styles
94.7%
WWE Hell in a CellAJ Styles
94.7%
WWE BattlegroundXavier Woods
94.6%
WWE Hell in a CellXavier Woods
94.6%
NJPW Power StruggleKenny Omega
94.2%
WWE Money in the BankJinder Mahal
94.1%
WWE BattlegroundJinder Mahal
94.1%
WWE SummerSlamJinder Mahal
94.1%
WWE Hell in a CellJinder Mahal
94.1%
NJPW Destruction in FukushimaKazuchika Okada
94%
NJPW G1 Climax FinalsCody
93.8%
NJPW DominionKenny Omega
93.5%
NJPW G1 Special in USA, Night 2Kenny Omega
93.5%
NJPW Destruction in KobeKenny Omega
93.5%
ROH Global Wars: ChicagoKenny Omega
93.5%
NJPW DominionMatt Jackson
93.4%
NJPW DominionNick Jackson
93.4%
ROH Best in the WorldMatt Jackson
93.4%
ROH Best in the WorldNick Jackson
93.4%
NJPW G1 Special in USA, Night 2Nick Jackson
93.4%
NJPW G1 Special in USA, Night 2Matt Jackson
93.4%
NJPW G1 Climax FinalsMatt Jackson
93.4%
NJPW G1 Climax FinalsNick Jackson
93.4%
ROH War of the Worlds: UKMatt Jackson
93.4%
ROH War of the Worlds: UKNick Jackson
93.4%
ROH Death Before DishonorNick Jackson
93.4%
ROH Death Before DishonorMatt Jackson
93.4%
ROH Death Before DishonorNick Jackson
93.4%
ROH Death Before DishonorMatt Jackson
93.4%
ROH Final BattleCody
93.2%
WWE Clash of ChampionsBobby Roode
92.6%
WWE Great Balls of FireAlexa Bliss
92.6%
WWE SummerSlamAlexa Bliss
92.6%
WWE No MercyAlexa Bliss
92.6%
WWE TLCAlexa Bliss
92.6%
WWE Clash of ChampionsCharlotte Flair
92.3%
NXT TakeOver: WarGamesEmber Moon
92.2%
NJPW DominionKazuchika Okada
91.9%
NJPW G1 Special in USA, Night 1Kazuchika Okada
91.9%
NJPW King of Pro-WrestlingKazuchika Okada
91.9%
WWE Great Balls of FireBrock Lesnar
91.8%
WWE SummerSlamBrock Lesnar
91.8%
WWE No MercyBrock Lesnar
91.8%
ROH Best in the WorldCody
91.7%
NJPW G1 Special in USA, Night 1Cody
91.7%
WWE Great Balls of FireSasha Banks
91.7%
ROH War of the Worlds: UKCody
91.7%
WWE SummerSlamSasha Banks
91.7%
ROH Death Before DishonorCody Rhodes
91.7%
WWE No MercySasha Banks
91.7%
NXT TakeOver: WarGamesDrew McIntyre
91.7%
WWE Money in the BankNaomi
91.6%
WWE SummerSlamNaomi
91.6%
WWE Great Balls of FireSheamus
91.5%
WWE SummerSlamSheamus
91.5%
WWE No MercySheamus
91.5%
WWE Great Balls of FireCesaro
91.4%
WWE SummerSlamCesaro
91.4%
WWE No MercyCesaro
91.4%
WWE Great Balls of FireDean Ambrose
90.9%
WWE SummerSlamDean Ambrose
90.9%
WWE No MercyDean Ambrose
90.9%
WWE Hell in a CellCharlotte Flair
90.9%
NXT TakeOver: Brooklyn IIIBobby Roode
90.6%
WWE BattlegroundKevin Owens
90.5%
WWE SummerSlamKevin Owens
90.5%
WWE Great Balls of FireNeville
90.4%
WWE SummerSlamNeville
90.4%
WWE No MercyNeville
90.4%
WWE Clash of ChampionsNatalya
90.4%
WWE Money in the BankRandy Orton
89.6%
WWE BattlegroundRandy Orton
89.6%
WWE SummerSlamSeth Rollins
89.6%
WWE No MercySeth Rollins
89.6%
NXT TakeOver: Brooklyn IIIEmber Moon
89.5%
Show Wrestler % Correct
NJPW Power StruggleMinoru Suzuki
89.3%
WWE SummerSlamNatalya
89.3%
WWE Hell in a CellNatalya
89.3%
NXT TakeOver: Brooklyn IIIEric Young
89.2%
NXT TakeOver: Brooklyn IIIDrew McIntyre
88.9%
WWE Survivor SeriesEnzo Amore
88.7%
WWE Great Balls of FireThe Miz
88.7%
WWE No MercyThe Miz
88.7%
WWE Great Balls of FireSamoa Joe
87.8%
WWE SummerSlamShinsuke Nakamura
87.8%
WWE SummerSlamSamoa Joe
87.8%
WWE Hell in a CellShinsuke Nakamura
87.8%
WWE No MercyBayley
87.7%
NXT TakeOver: Brooklyn IIIAsuka
87.6%
WWE SummerSlamRoman Reigns
87.6%
NJPW DominionTama Tonga
87.2%
NJPW G1 Special in USA, Night 1Tama Tonga
87.2%
NJPW Destruction in KobeTama Tonga
87.2%
WWE No MercyEnzo Amore
87.2%
NJPW King of Pro-WrestlingTama Tonga
87.2%
WWE TLCEnzo Amore
87.2%
WWE Clash of ChampionsBaron Corbin
87%
ROH Final BattleHangman Page
86.9%
WWE SummerSlamBraun Strowman
86.8%
WWE No MercyBraun Strowman
86.8%
NJPW Power StruggleHiroshi Tanahashi
86.8%
NJPW DominionEVIL
86.7%
NJPW Destruction in FukushimaEVIL
86.7%
NJPW DominionTomohiro Ishii
86.2%
ROH Final BattleKenny King
86%
NJPW DominionTanga Loa
85.8%
NJPW DominionMinoru Suzuki
85.8%
NJPW G1 Special in USA, Night 1Tanga Loa
85.8%
ROH War of the Worlds: UKChristopher Daniels
85.8%
NJPW Destruction in FukushimaMinoru Suzuki
85.8%
NJPW Destruction in KobeTanga Loa
85.8%
ROH Death Before DishonorMinoru Suzuki
85.8%
WWE Hell in a CellBaron Corbin
85.8%
NJPW King of Pro-WrestlingTanga Roa
85.8%
ROH Final BattleSilas Young
85.8%
NJPW DominionSANADA
85.4%
NJPW Destruction in FukushimaSANADA
85.4%
NXT TakeOver: Brooklyn IIIRezar
85.2%
ROH Final BattleBeretta
85.2%
ROH Final BattleDalton Castle
85.1%
NXT TakeOver: Brooklyn IIIAkam
85%
NXT TakeOver: Brooklyn IIIAlexander Wolfe
85%
NJPW DominionHiroshi Tanahashi
84.9%
NJPW G1 Special in USA, Night 2Hiroshi Tanahashi
84.9%
NJPW Destruction in HiroshimaHiroshi Tanahashi
84.9%
WWE No MercyNia Jax
84.8%
NJPW DominionHangman Page
84.6%
NJPW G1 Climax FinalsHangman Page
84.6%
ROH Death Before DishonorHangman Page
84.6%
NJPW DominionBUSHI
84.2%
NJPW Destruction in FukushimaBUSHI
84.2%
Impact SlammiversaryLow Ki
83.3%
NJPW Power StruggleMarty Scurll
83.2%
WWE Great Balls of FireMatt Hardy
83.1%
WWE Great Balls of FireJeff Hardy
83.1%
NJPW DominionBeretta
82.9%
NJPW G1 Special in USA, Night 2Beretta
82.9%
NJPW DominionKUSHIDA
82.8%
ROH Best in the WorldKUSHIDA
82.8%
ROH War of the Worlds: UKKUSHIDA
82.8%
NJPW Destruction in HiroshimaKUSHIDA
82.8%
ROH Death Before DishonorKUSHIDA
82.8%
NJPW King of Pro-WrestlingKUSHIDA
82.8%
ROH Death Before DishonorKenny King
82.6%
NJPW DominionYujiro Takahashi
82.1%
ROH Best in the WorldJay Briscoe
82%
ROH Best in the WorldMark Briscoe
82%
ROH Death Before DishonorMark Briscoe
82%
ROH Death Before DishonorJay Briscoe
82%
NJPW DominionHanson
81.7%
ROH Best in the WorldHanson
81.7%
NJPW G1 Special in USA, Night 1Hanson
81.7%
NJPW G1 Climax FinalsHanson
81.7%
NJPW Destruction in KobeHanson
81.7%
NJPW King of Pro-WrestlingHanson
81.7%
NJPW G1 Special in USA, Night 2Billy Gunn
81.5%
NJPW Destruction in FukushimaRocky Romero
81.5%
NJPW DominionRaymond Rowe
81.3%
ROH Best in the WorldRaymond Rowe
81.3%
NJPW G1 Special in USA, Night 1Raymond Rowe
81.3%
NJPW G1 Climax FinalsRaymond Rowe
81.3%
NJPW Destruction in KobeRaymond Rowe
81.3%
NJPW King of Pro-WrestlingRaymond Rowe
81.3%
NJPW DominionRocky Romero
81.2%
NJPW G1 Special in USA, Night 2Rocky Romero
81.2%
ROH War of the Worlds: UKFrankie Kazarian
81.2%
WWE Great Balls of FireAkira Tozawa
81%
WWE SummerSlamAkira Tozawa
81%
NXT TakeOver: WarGamesNikki Cross
80.9%
WWE Survivor SeriesKalisto
80.8%
NJPW G1 Climax FinalsRicochet
80.7%
NJPW Destruction in HiroshimaRicochet
80.7%
NJPW Destruction in KobeDavey Boy Smith, Jr.
80.7%
Show Wrestler % Correct
NJPW King of Pro-WrestlingDavey Boy Smith, Jr.
80.7%
NJPW DominionBad Luck Fale
80.7%
NJPW DominionZack Sabre, Jr.
80.4%
NJPW DominionRicochet
80.4%
NJPW King of Pro-WrestlingRicochet
80.4%
ROH Best in the WorldMarty Scurll
80.3%
ROH War of the Worlds: UKMarty Scurll
80.3%
ROH Best in the WorldDalton Castle & the Boys
80.1%
NXT TakeOver: WarGamesAndrade Almas
79.8%
NJPW DominionToru Yano
79.4%
NJPW Destruction in FukushimaToru Yano
79.4%
ROH War of the Worlds: UKDalton Castle
79.3%
NJPW Destruction in KobeLance Archer
79.2%
NJPW King of Pro-WrestlingLance Archer
79.2%
WWE TLCKalisto
79.1%
ROH Best in the WorldBully Ray
78.6%
ROH Death Before DishonorBully Ray
78.6%
Impact Bound for GlorySantana
78.5%
Impact Bound for GloryOrtiz
78.4%
NJPW DominionHiromu Takahashi
78.4%
ROH War of the Worlds: UKHiromu Takahashi
78.4%
Impact SlammiversaryLashley
78.2%
NXT TakeOver: WarGamesPeyton Royce
77.7%
ROH Final BattleChris Sabin
77.7%
NJPW DominionJuice Robinson
77.6%
NJPW DominionTetsuya Naito
77.5%
ROH Final BattleAlex Shelley
77.2%
WWE Clash of ChampionsDolph Ziggler
77.2%
NJPW Destruction in KobeJuice Robinson
77.1%
WWE Money in the BankLana
77%
NXT TakeOver: WarGamesKairi Sane
76.7%
NJPW DominionYOSHI-HASHI
76.6%
WWE Clash of ChampionsRusev
76.5%
NJPW G1 Special in USA, Night 2Tomohiro Ishii
76.4%
NJPW G1 Climax FinalsRyusuke Taguchi
76.4%
NJPW Destruction in HiroshimaRyusuke Taguchi
76.4%
NJPW DominionRyusuke Taguchi
76.2%
NJPW King of Pro-WrestlingRyusuke Taguchi
76.2%
WWE No MercyJason Jordan
75.9%
ROH War of the Worlds: UKSANADA
75.8%
WWE TLCMickie James
75.3%
WWE Clash of ChampionsChad Gable
75.3%
ROH Final BattleChuckie T
75.1%
Impact Bound for GlorySienna
74.8%
WWE Hell in a CellTye Dillinger
74.7%
ROH Best in the WorldChristopher Daniels
74.4%
WWE Clash of ChampionsAiden English
74.4%
WWE No MercyEmma
73.8%
ROH Final BattleDragon Lee
73.5%
Impact SlammiversaryAlberto el Patron
73.5%
NJPW DominionTaichi
73.3%
NJPW Destruction in HiroshimaTaichi
73.3%
NJPW King of Pro-WrestlingEVIL
72.7%
NJPW Power StruggleWill Ospreay
72.3%
ROH Final BattleShane Taylor
71.7%
NJPW King of Pro-WrestlingSHO
71.6%
Impact Bound for GlorySonjay Dutt
71.6%
ROH Death Before DishonorChris Sabin
71.4%
WWE Clash of ChampionsShelton Benjamin
71.4%
NJPW King of Pro-WrestlingWill Ospreay
71.3%
NJPW DominionYoshinobu Kanemaru
71.3%
Impact SlammiversaryOrtiz
71.3%
NJPW Destruction in HiroshimaYoshinobu Kanemaru
71.3%
Impact SlammiversarySantana
71.2%
ROH Death Before DishonorAlex Shelley
71%
ROH Final BattlePunishment Martinez
70.7%
Impact Bound for GloryTrevor Lee
70.1%
NJPW DominionHirooki Goto
70%
NJPW King of Pro-WrestlingYOH
69.7%
Impact Bound for GloryAllie
69.5%
Impact SlammiversarySienna
69.3%
Impact Bound for GloryGarza, Jr.
68.8%
Impact Bound for GloryEli Drake
68%
Impact SlammiversaryRosemary
67.9%
Impact Bound for GloryGail Kim
67.7%
Impact SlammiversarySonjay Dutt
67.2%
Impact Bound for GloryMatt Sydal
67.1%
ROH Final BattleFlip Gordon
66.9%
Impact Bound for GloryDave Crist
66.5%
Impact Bound for GloryJake Crist
66.5%
NJPW Destruction in FukushimaMichael Elgin
64.5%
Impact Bound for GloryJohnny Impact
64.2%
ROH Final BattleTitan
63%
Impact SlammiversaryDrago
62.5%
Impact Bound for GloryDezmond Xavier
62.3%
NJPW Power StruggleBeretta
61.9%
NJPW Destruction in HiroshimaZack Sabre, Jr.
61.6%
Impact Bound for GloryPetey Williams
61.4%
ROH Global Wars: ChicagoYOSHI-HASHI
61%
Impact SlammiversaryGarza, Jr.
60.7%
Impact SlammiversaryTaiji Ishimori
60.6%
Impact SlammiversaryNaomichi Marufuji
59%
NJPW Power StruggleToru Yano
58.9%
NJPW Power StruggleKota Ibushi
58.5%
Impact SlammiversaryLaredo Kid
56.9%
Impact SlammiversaryEl Hijo del Fantasma
55.5%
NJPW Destruction in HiroshimaEl Desperado
53%

You're not logged in!

Compare scores with friends on all Sporcle quizzes.
OR
Log In

Sporcle TV

Today on Sporcle TV


Watch our educational content, quiz creation guides, and fun videos on Sporcle TV.

Show Comments

Extras

Top Quizzes Today


Score Distribution

Paid Content

Your Account Isn't Verified!

In order to create a playlist on Sporcle, you need to verify the email address you used during registration. Go to your Sporcle Settings to finish the process.

Report this User

Report this user for behavior that violates our Community Guidelines.

Details: